[Event "36th European Club Cup 2021"]
[Site "Struga"]
[Date "2021.09.23"]
[Round "6.5"]
[White "Alonso Rosell, Alvar"]
[Black "Sakaev, Konstantin"]
[Result "0-1"]
[WhiteElo "2566"]
[BlackElo "2595"]
[Annotator "ChessBase"]
[PlyCount "142"]
[EventDate "2021.09.18"]
[EventType "team-tourn"]
[EventCountry "MKD"]
[SourceTitle "playchess.com"]
[Source "ChessBase"]
[SourceQuality "1"]
[TimeControl "40/5400+30:1800+30"]

1. d4 {[%emt 0:00:03]} d5 {[%emt 0:00:17]} 2. c4 {[%emt 0:00:04]} c6 {[%emt 0:
00:08]} 3. Nf3 {[%emt 0:00:05]} Nf6 {[%emt 0:00:11]} 4. e3 {[%emt 0:00:03]} Bf5
{[%emt 0:03:25]} 5. Nc3 {[%emt 0:00:51]} e6 {[%emt 0:00:06]} 6. Nh4 {[%emt 0:
00:05]} Bg6 {[%emt 0:00:08]} 7. Be2 {[%emt 0:00:21]} Nbd7 {[%emt 0:01:32]} 8.
O-O {[%emt 0:04:36]} Bd6 {[%emt 0:16:53]} 9. g3 {[%emt 0:05:09]} Bc7 {[%emt 0:
02:59]} 10. Nxg6 {[%emt 0:31:57]} hxg6 {[%emt 0:00:18]} 11. Qc2 {[%emt 0:00:13]
} dxc4 {[%emt 0:05:44]} 12. Bxc4 {[%emt 0:02:00]} Ng4 {[%emt 0:05:35]} 13. h4 {
[%emt 0:07:18]} g5 {[%emt 0:07:21]} 14. Qe2 {[%emt 0:07:15]} Nh6 {[%emt 0:02:
33]} 15. h5 {[%emt 0:10:35]} Nf5 {[%emt 0:02:26]} 16. Rd1 {[%emt 0:02:46]} Qf6
{[%emt 0:15:22]} 17. b4 {[%emt 0:11:35]} g6 {[%emt 0:06:57]} 18. Ne4 {[%emt 0:
13:52]} Qg7 {[%emt 0:01:34]} 19. Nxg5 {[%emt 0:00:32]} Rxh5 {[%emt 0:03:27]}
20. g4 {[%emt 0:00:38]} Rh4 {[%emt 0:12:04]} 21. Qf3 {[%emt 0:00:29]} Nh6 {
[%emt 0:01:12]} 22. Bxe6 {[%emt 0:00:10]} fxe6 {[%emt 0:00:35]} 23. Nxe6 {
[%emt 0:00:04]} Bh2+ {[%emt 0:00:10]} 24. Kf1 {[%emt 0:00:17]} Qe7 {[%emt 0:00:
58]} 25. d5 {[%emt 0:01:03]} cxd5 {[%emt 0:05:19]} 26. Qxd5 {[%emt 0:00:03]}
Be5 {[%emt 0:00:20]} 27. Ba3 {[%emt 0:01:20]} Nxg4 {[%emt 0:00:50]} 28. b5 {
[%emt 0:00:33]} Qf7 {[%emt 0:02:38]} 29. Nc7+ {[%emt 0:00:28]} Bxc7 {[%emt 0:
00:05]} 30. Qxf7+ {[%emt 0:00:07]} Kxf7 {[%emt 0:00:05]} 31. Rxd7+ {[%emt 0:00:
07]} Ke6 {[%emt 0:01:41]} 32. Re7+ {[%emt 0:00:06]} Kf6 {[%emt 0:00:10]} 33.
Rxc7 {[%emt 0:00:06]} Rh2 {[%emt 0:00:28]} 34. Rc4 {[%emt 0:02:00]} Rxf2+ {
[%emt 0:00:20]} 35. Kg1 {[%emt 0:00:04]} Rg2+ {[%emt 0:02:22]} 36. Kxg2 {
[%emt 0:00:05]} Nxe3+ {[%emt 0:00:03]} 37. Kf3 {[%emt 0:00:33]} Nxc4 {[%emt 0:
00:03]} 38. Bc5 {[%emt 0:00:38]} b6 {[%emt 0:00:11]} 39. Bd4+ {[%emt 0:00:12]}
Kf5 {[%emt 0:00:12]} 40. Bc3 {[%emt 0:00:00]} Re8 {[%emt 0:00:00]} 41. Rc1 {
[%emt 0:04:39]} Re3+ {[%emt 0:05:18]} 42. Kf2 {[%emt 0:00:08]} Rh3 {[%emt 0:03:
36]} 43. Bb4 {[%emt 0:07:12]} Ne5 {[%emt 0:01:55]} 44. Kg2 {[%emt 0:00:07]} Re3
{[%emt 0:04:07]} 45. Rf1+ {[%emt 0:06:40]} Ke6 {[%emt 0:01:41]} 46. a3 {
[%emt 0:00:28]} Nd3 {[%emt 0:01:06]} 47. Bf8 {[%emt 0:00:32]} g5 {[%emt 0:01:
18]} 48. a4 {[%emt 0:02:05]} Re4 {[%emt 0:06:56]} 49. Ra1 {[%emt 0:00:39]} Rg4+
{[%emt 0:01:08]} 50. Kh3 {[%emt 0:00:14]} Rf4 {[%emt 0:00:16]} 51. Bg7 {
[%emt 0:00:07]} Kd5 {[%emt 0:01:05]} 52. Kg3 {[%emt 0:00:48]} Nc5 {[%emt 0:00:
56]} 53. a5 {[%emt 0:00:32]} Ne4+ {[%emt 0:01:24]} 54. Kg2 {[%emt 0:00:53]} Kc5
{[%emt 0:03:59]} 55. Be5 {[%emt 0:00:57]} Rf2+ {[%emt 0:00:24]} 56. Kg1 {
[%emt 0:00:01]} Rf7 {[%emt 0:02:44]} 57. axb6 {[%emt 0:03:13]} axb6 {[%emt 0:
00:05]} 58. Re1 {[%emt 0:01:39]} Nd2 {[%emt 0:00:58]} 59. Kg2 {[%emt 0:00:29]}
Kxb5 {[%emt 0:02:06]} 60. Bd4 {[%emt 0:00:05]} Rf5 {[%emt 0:01:24]} 61. Re6 {
[%emt 0:01:26]} Nc4 {[%emt 0:00:04]} 62. Kg3 {[%emt 0:01:11]} Rd5 {[%emt 0:00:
14]} 63. Bf6 {[%emt 0:01:37]} Rd6 {[%emt 0:00:36]} 64. Rxd6 {[%emt 0:00:15]}
Nxd6 {[%emt 0:00:04]} 65. Kg4 {[%emt 0:00:10]} Nf7 {[%emt 0:01:00]} 66. Kf5 {
[%emt 0:00:08]} Kc4 {[%emt 0:00:19]} 67. Kg6 {[%emt 0:00:23]} b5 {[%emt 0:00:
18]} 68. Kxf7 {[%emt 0:00:08]} g4 {[%emt 0:00:05]} 69. Be5 {[%emt 0:00:15]} b4
{[%emt 0:00:49]} 70. Ke6 {[%emt 0:00:17]} b3 {[%emt 0:00:05]} 71. Kf5 {[%emt 0:
00:07]} g3 {[%emt 0:00:09]} 0-1

[Event "36th European Club Cup 2021"]
[Site "Struga"]
[Date "2021.09.23"]
[Round "6.6"]
[White "Goganov, Aleksey"]
[Black "Henderson de La Fuente, Lance"]
[Result "1/2-1/2"]
[WhiteElo "2559"]
[BlackElo "2491"]
[Annotator "ChessBase"]
[PlyCount "85"]
[EventDate "2021.09.18"]
[EventType "team-tourn"]
[EventCountry "MKD"]
[SourceTitle "playchess.com"]
[Source "ChessBase"]
[SourceQuality "1"]
[TimeControl "40/5400+30:1800+30"]

1. e4 {[%emt 0:00:03]} e5 {[%emt 0:01:41]} 2. Nf3 {[%emt 0:00:06]} Nc6 {
[%emt 0:00:03]} 3. Bb5 {[%emt 0:00:06]} a6 {[%emt 0:01:58]} 4. Ba4 {[%emt 0:00:
06]} Nf6 {[%emt 0:00:03]} 5. O-O {[%emt 0:00:08]} Be7 {[%emt 0:00:59]} 6. Re1 {
[%emt 0:01:23]} b5 {[%emt 0:00:16]} 7. Bb3 {[%emt 0:00:06]} d6 {[%emt 0:00:30]}
8. c3 {[%emt 0:00:08]} O-O {[%emt 0:00:14]} 9. h3 {[%emt 0:00:04]} Nb8 {
[%emt 0:00:34]} 10. d4 {[%emt 0:00:22]} Nbd7 {[%emt 0:00:05]} 11. Nbd2 {
[%emt 0:00:24]} Bb7 {[%emt 0:00:05]} 12. Bc2 {[%emt 0:00:27]} Re8 {[%emt 0:00:
08]} 13. Nf1 {[%emt 0:00:15]} Bf8 {[%emt 0:00:06]} 14. Ng3 {[%emt 0:00:04]} g6
{[%emt 0:00:06]} 15. a4 {[%emt 0:02:48]} c6 {[%emt 0:05:16]} 16. Bg5 {[%emt 0:
02:00]} Qc7 {[%emt 0:02:52]} 17. Qd2 {[%emt 0:02:13]} Bg7 {[%emt 0:00:22]} 18.
Bh6 {[%emt 0:04:51]} Bh8 {[%emt 0:03:03]} 19. b4 {[%emt 0:30:55]} Rad8 {
[%emt 0:08:35]} 20. Bb3 {[%emt 0:00:56]} Nf8 {[%emt 0:13:35]} 21. Ng5 {[%emt 0:
02:16]} Re7 {[%emt 0:02:24]} 22. Rad1 {[%emt 0:05:28]} Rde8 {[%emt 0:01:34]}
23. f4 {[%emt 0:10:53]} Bg7 {[%emt 0:04:33]} 24. Bxg7 {[%emt 0:00:20]} Kxg7 {
[%emt 0:00:02]} 25. axb5 {[%emt 0:16:11]} cxb5 {[%emt 0:01:40]} 26. fxe5 {
[%emt 0:00:04]} dxe5 {[%emt 0:00:07]} 27. d5 {[%emt 0:00:25]} Qb6+ {[%emt 0:07:
16]} 28. Kh2 {[%emt 0:00:20]} Rd8 {[%emt 0:00:28]} 29. Re3 {[%emt 0:03:37]} Ne8
{[%emt 0:02:35]} 30. Rf1 {[%emt 0:02:09]} f6 {[%emt 0:02:20]} 31. Qf2 {[%emt 0:
00:25]} Rd6 {[%emt 0:11:12]} 32. Nf3 {[%emt 0:02:19]} Bc8 {[%emt 0:02:35]} 33.
Nd2 {[%emt 0:01:04]} a5 {[%emt 0:01:03]} 34. bxa5 {[%emt 0:03:46]} Qxa5 {
[%emt 0:00:01]} 35. c4 {[%emt 0:02:24]} Rc7 {[%emt 0:01:25]} 36. Rf3 {[%emt 0:
03:53]} Nd7 {[%emt 0:02:39]} 37. cxb5 {[%emt 0:00:20]} Qxb5 {[%emt 0:00:13]}
38. Ra1 {[%emt 0:00:20]} Nc5 {[%emt 0:04:59]} 39. Bc4 {[%emt 0:00:23]} Qb2 {
[%emt 0:03:41]} 40. Ra2 {[%emt 0:00:00]} Qb4 {[%emt 0:00:00]} 41. Qe2 {[%emt 0:
01:21]} Rd8 {[%emt 0:07:01]} 42. Rf1 {[%emt 0:05:58]} Nb7 {[%emt 0:04:03]} 43.
Rb1 {[%emt 0:04:32]} 1/2-1/2

[Event "36th European Club Cup 2021"]
[Site "Struga"]
[Date "2021.09.23"]
[Round "6.7"]
[White "Mamedyarov, Shakhriyar"]
[Black "Harikrishna, Pentala"]
[Result "1/2-1/2"]
[WhiteElo "2762"]
[BlackElo "2725"]
[Annotator "TA"]
[PlyCount "60"]
[EventDate "2021.09.18"]
[EventType "team-tourn"]
[EventCountry "MKD"]
[SourceTitle "playchess.com"]
[Source "ChessBase"]
[SourceQuality "1"]

{[%evp 15,60,16,27,8,14,0,0,14,17,8,6,0,0,0,0,0,0,0,0,0,0,0,0,0,0,0,0,0,0,0,0,
0,0,0,0,0,0,0,0,0,0,0,0,0,0,0,0]} 1. d4 Nf6 2. c4 e6 3. Nf3 d5 4. Nc3 Bb4 5.
Bg5 h6 6. Bxf6 Qxf6 7. e3 O-O 8. Rc1 Nc6 9. Qd3 {D38: Queen's Gambit Declined:
Ragozin Defence (4 Nf3 Bb4).} e5 {[#] White must now prevent ...e4.The
position is equal.} 10. dxe5 Nxe5 11. Nxe5 Qxe5 12. Qxd5 Qf6 13. Qd4 (13. Be2 {
keeps more tension.} Rd8 14. Qb5 Bxc3+ 15. Rxc3 Bd7 16. Qxb7 Rab8 17. Qf3)
13... Qxd4 14. exd4 Re8+ 15. Be2 Bf5 {[#]} 16. a3 $146 ({Predecessor:} 16. Kf1
Bxc3 17. Rxc3 Re4 18. d5 Rd4 19. Re3 Rd2 20. g4 Bb1 21. a3 Rxb2 22. Kg2 Kf8 23.
Re1 Bg6 24. Bf3 f6 25. c5 {1/2-1/2 (25) Meiners,E (2381)-Reinhart,K (2478)
ICCF email 2018}) 16... Bxc3+ 17. Rxc3 Re4 18. d5 Rae8 19. Re3 Rxe3 20. fxe3
Rxe3 $11 {[%mdl 4096] [#] Endgame aiming for ...Bg4. KRB-KRB} 21. Kd2 $1 {
[%cal Rd2e3]} Rb3 22. Kc1 Re3 23. Kd2 Rb3 24. Kc1 Re3 25. Kd2 Rb3 26. Kc1 Re3
27. Kd2 Rb3 28. Kc1 Re3 29. Kd2 Rb3 30. Kc1 Re3 {An uneventful encounter. 
Weighted Error Value: White=0.02/Black=0.01} 1/2-1/2

[Event "36th European Club Cup 2021"]
[Site "Struga"]
[Date "2021.09.23"]
[Round "6.8"]
[White "Wojtaszek, Radoslaw"]
[Black "Shankland, Sam"]
[Result "1/2-1/2"]
[WhiteElo "2698"]
[BlackElo "2720"]
[Annotator "TA"]
[PlyCount "65"]
[EventDate "2021.09.18"]
[EventType "team-tourn"]
[EventCountry "MKD"]
[SourceTitle "playchess.com"]
[Source "ChessBase"]
[SourceQuality "1"]

{[%evp 18,65,27,4,27,0,0,2,19,0,0,0,0,0,12,13,14,-14,-14,-2,-14,-17,0,-6,0,0,
26,-8,0,-16,-15,-25,-33,-45,-16,-12,0,0,0,-27,-35,-25,-26,-27,-28,-47,0,0,0,0]
} 1. d4 Nf6 2. c4 g6 3. Nf3 Bg7 4. g3 c6 5. Nc3 d5 6. Qb3 O-O 7. Bg2 dxc4 8.
Qxc4 Bf5 9. O-O Nbd7 10. Re1 Ne4 {D78: Fianchetto Grünfeld: 6 0-0 c6.} 11. Qb3
Qa5 {The old main line.} 12. Bf4 Nb6 13. Rec1 {[#]} Rfd8 $146 ({Predecessor:} 
13... Nxc3 14. Qxc3 Qb5 15. Bf1 Nd5 16. Qd2 Qb6 17. Bg5 f6 18. Bh6 Bxh6 19.
Qxh6 Qxb2 {1-0 (44) Popilski,G (2493)-Gupta,A (2640) Douglas 2014}) 14. e3 Be6
15. Qc2 Nxc3 16. bxc3 c5 17. Ng5 Bd5 18. e4 Bc4 19. Nf3 cxd4 20. cxd4 Rac8 21.
Qb2 e6 22. Be5 (22. a4 $5) 22... Qb5 23. Qxb5 Bxb5 24. Bxg7 Kxg7 25. Bf1 Bxf1
26. Kxf1 Na4 27. Ke2 b5 28. Kd3 Nb2+ 29. Ke2 a5 30. a3 Nc4 31. Kd3 Nb2+ 32. Ke2
Kf8 33. Rab1 {Weighted Error Value: White=0.09/Black=0.06} 1/2-1/2

[Event "36th European Club Cup 2021"]
[Site "Struga"]
[Date "2021.09.23"]
[Round "6.9"]
[White "Dubov, Daniil"]
[Black "Navara, David"]
[Result "1/2-1/2"]
[WhiteElo "2714"]
[BlackElo "2676"]
[Annotator "TA"]
[PlyCount "88"]
[EventDate "2021.09.18"]
[EventType "team-tourn"]
[EventCountry "MKD"]
[SourceTitle "playchess.com"]
[Source "ChessBase"]
[SourceQuality "1"]

{[%evp 21,88,11,11,15,13,5,17,3,8,6,11,0,0,0,8,0,0,0,7,0,0,0,2,0,0,0,11,4,5,6,
10,0,0,0,0,0,0,0,0,0,0,0,0,0,0,0,0,0,0,0,0,0,0,0,0,0,0,0,0,0,0,0,0,0,0,0,0,0,0]
} 1. d4 Nf6 2. c4 e6 3. Nf3 d5 4. g3 Be7 5. Bg2 O-O 6. O-O dxc4 7. Qc2 a6 8. a4
Bd7 9. Qxc4 Bc6 10. Bg5 Nbd7 11. Nc3 h6 {The position is equal.} 12. Bxf6 {
E05: Open Catalan: 5 Nf3 Be7.} Nxf6 13. e3 {13.Rfd1 is a critical line.} Qd6 {
[#]} 14. Qe2 $146 ({Predecessor:} 14. Rfb1 a5 15. Qe2 Bxf3 16. Bxf3 c6 17. Rd1
g6 18. h4 h5 19. Qc2 Rfd8 20. Ne2 {1-0 (45) Shankland,S (2709)-Karjakin,S 
(2757) Krasnaya Polyana 2021}) 14... Rfd8 15. h4 Qb4 16. Rfe1 Bxf3 17. Bxf3 c5
18. dxc5 Bxc5 19. a5 Rab8 20. Rec1 Bd6 21. Ra4 Qb3 22. Qc2 Qxc2 23. Rxc2 b5 24.
Rd4 e5 25. Rd1 Bb4 26. Nd5 Nxd5 ({Don't go for} 26... Bxa5 $2 27. Ne7+ Kh7 28.
Nc6 $18) 27. Rxd5 Rxd5 28. Bxd5 Bxa5 $11 {[%mdl 4096] Endgame KRB-KRB} 29. Rc6
Bb6 30. Rd6 Rd8 31. Bxf7+ Kxf7 32. Rxb6 {KR-KR} h5 33. Rxa6 {Threatens to win
with Rb6.} Rd2 34. b4 {Strongly threatening Ra7+.} Rb2 35. Kg2 Rxb4 36. Kf3 Rb2
37. Rb6 b4 38. Ke4 Rxf2 39. Rxb4 Rg2 40. Rb7+ Kf6 41. Rb6+ Kf7 42. Rb7+ Kf6 43.
Rb6+ Kf7 44. Rb7+ Kf6 {Not much happened in this game.  Weighted Error Value:
White=0.02/Black=0.01} 1/2-1/2

[Event "36th European Club Cup 2021"]
[Site "Struga"]
[Date "2021.09.23"]
[Round "6.10"]
[White "Ragger, Markus"]
[Black "Kryvoruchko, Yuriy"]
[Result "1/2-1/2"]
[WhiteElo "2665"]
[BlackElo "2689"]
[Annotator "TA"]
[PlyCount "72"]
[EventDate "2021.09.18"]
[EventType "team-tourn"]
[EventCountry "MKD"]
[SourceTitle "playchess.com"]
[Source "ChessBase"]
[SourceQuality "1"]

{[%evp 17,72,0,0,0,0,0,12,0,0,0,0,0,0,0,0,0,10,10,10,10,10,11,10,0,25,13,17,12,
14,6,8,0,0,0,0,0,0,0,0,0,0,0,4,0,0,0,0,0,0,0,0,0,0,0,0,0,0]} 1. e4 e5 2. Nf3
Nc6 3. Bc4 Bc5 4. c3 Nf6 5. d4 exd4 6. e5 d5 7. Bb5 Ne4 8. cxd4 Bb6 9. Nc3 O-O
10. Be3 {C54: Giuoco Piano: 4 c3 Nf6, main lines with 5 d4 and 5 d3.} Bg4 11.
h3 Bh5 12. Qc2 Nxc3 13. bxc3 f6 14. exf6 Qxf6 15. Be2 Rae8 16. O-O Na5 17. Ne5
Bxe2 18. Qxe2 Qe6 19. f4 Nc4 20. Rae1 Nxe5 21. dxe5 g5 {The position is equal.}
22. Bxb6 Qxb6+ {[#]} 23. Kh2 $146 {[#] f5 is the strong threat.} ({Predecessor:
} 23. Kh1 gxf4 24. e6 Qd6 25. Qg4+ Kh8 26. Re2 Re7 27. Rfe1 f3 28. gxf3 Rg7 29.
Qh5 {1/2-1/2 (36) Giri,A (2776)-So,W (2760) Bucharest 2019}) 23... gxf4 24.
Qg4+ Qg6 25. Rxf4 Qxg4 26. Rxg4+ $11 {[%mdl 4096] Endgame KRR-KRR} Kh8 27. c4
dxc4 28. Rxc4 Re7 29. e6 Rf6 30. Rd4 Rfxe6 31. Rxe6 Rxe6 {KR-KR} 32. Rd8+ Kg7
33. Rd7+ {[%mdl 64] [#] Double Attack} Kf6 34. Rxh7 Re7 35. Rxe7 Kxe7 36. Kg3
b5 {A rather calm draw.  Weighted Error Value: White=0.02/Black=0.02} 1/2-1/2

[Event "36th European Club Cup 2021"]
[Site "Struga"]
[Date "2021.09.23"]
[Round "6.11"]
[White "Inarkiev, Ernesto"]
[Black "Anton Guijarro, David"]
[Result "1/2-1/2"]
[WhiteElo "2663"]
[BlackElo "2651"]
[Annotator "TA"]
[PlyCount "70"]
[EventDate "2021.09.18"]
[EventType "team-tourn"]
[EventCountry "MKD"]
[SourceTitle "playchess.com"]
[Source "ChessBase"]
[SourceQuality "1"]

{[%evp 22,70,31,0,-12,0,14,13,12,0,9,0,15,7,15,-31,0,0,0,0,0,-28,-25,-54,0,-9,
0,0,0,-15,-10,0,8,14,15,-8,0,-14,16,9,8,0,0,0,0,-8,-7,-8,-8,-4,-5]} 1. e4 e5 2.
Nf3 Nc6 3. Bb5 a6 4. Ba4 Nf6 5. O-O Nxe4 6. d4 b5 7. Bb3 d5 8. dxe5 Be6 9. Nbd2
Be7 10. c3 O-O {The main line 10...0-0 scores better than 10...Nc5.} 11. Bc2 f5
12. Nd4 Nxd4 {C83: Open Ruy Lopez: 9 c3 Be7.} 13. cxd4 {[#]} Qb8 $146 ({
Predecessor:} 13... c5 14. dxc5 Nxd2 15. Bxd2 Bxc5 16. Rc1 Rc8 17. Kh1 d4 18.
Bb3 Qd7 19. f4 Qf7 20. Rxc5 Rxc5 {0-1 (61) Dobrowolski,P (2571)-Oparin,G (2911)
Chess.com INT 2020}) 14. a4 c5 15. dxc5 Bxc5 16. Nb3 {[#] aiming for Bxe4.}
bxa4 17. Nxc5 Nxc5 18. Re1 Rc8 19. Bxa4 Qb4 20. Be3 Nxa4 21. Qxa4 Qxb2 22. Rab1
{[#]} Qc2 (22... Rc4 $1 $15 23. Rxb2 (23. Qxc4 Qxb1 24. Qc3 Qb5 $15) 23... Rxa4
) 23. Qa3 {The position is equal.} Qc3 24. Qe7 Re8 ({Don't go for} 24... Qxe5
$2 25. Bg5 $18) 25. Qd6 Rad8 26. Qxa6 Ra8 27. Qd6 Rad8 28. Qa6 $40 {[%mdl 128]
Black needs to defend precisely.} (28. Rec1 {seems wilder.} Rxd6 29. Rxc3 d4
30. Rd3 Rd5 31. Rxd4 Rxe5 32. h4) 28... Ra8 29. Qb5 Rab8 30. Qa4 Qc4 31. Qa7
Rxb1 32. Rxb1 f4 33. Rc1 Qe4 34. Bd2 f3 {( -> ...Qg4!)} 35. Qe3 fxg2 {Weighted
Error Value: White=0.11/Black=0.07} 1/2-1/2

[Event "36th European Club Cup 2021"]
[Site "Struga"]
[Date "2021.09.23"]
[Round "6.12"]
[White "Bartel, Mateusz"]
[Black "Predke, Alexandr"]
[Result "1/2-1/2"]
[WhiteElo "2611"]
[BlackElo "2662"]
[Annotator "TA"]
[PlyCount "61"]
[EventDate "2021.09.18"]
[EventType "team-tourn"]
[EventCountry "MKD"]
[SourceTitle "playchess.com"]
[Source "ChessBase"]
[SourceQuality "1"]

{[%evp 13,61,28,29,19,24,20,17,12,26,9,26,0,0,0,0,0,0,0,0,0,0,0,0,0,0,0,0,0,0,
0,0,0,0,0,0,0,0,0,0,0,0,0,0,0,0,0,0,0,0,0]} 1. e4 e5 2. Nf3 Nc6 3. Bb5 a6 4.
Ba4 Nf6 5. O-O Be7 6. d3 d6 7. c3 O-O 8. h3 {C84: Closed Ruy Lopez: Unusual
White 6th moves.} Re8 9. Be3 b5 10. Bb3 d5 {[#]} 11. Nbd2 $146 ({Predecessor:} 
11. Ng5 h6 12. Nxf7 {1/2-1/2 (12) Muhammad,A-Ahmad,N Lahore 2015}) 11... h6 12.
a4 {[#] Hoping for axb5.} Be6 {The position is equal.} 13. d4 exd4 14. Nxd4
Nxd4 15. cxd4 dxe4 16. Bxe6 fxe6 17. Qc2 Qd5 18. axb5 axb5 19. Rxa8 Rxa8 20.
Qxc7 Bd6 21. Qc2 Ra7 22. Qc8+ Kf7 23. Rc1 Qa8 24. Qc2 Rc7 25. Qb1 Rxc1+ 26.
Qxc1 Qd5 27. Qc2 g5 28. Nb3 Qa8 29. Qc1 Qd5 30. Qc2 Qa8 31. Qc1 {An uneventful
encounter.  Weighted Error Value: White=0.03/Black=0.01} 1/2-1/2

[Event "36th European Club Cup 2021"]
[Site "Struga"]
[Date "2021.09.23"]
[Round "6.13"]
[White "Donchenko, Alexander"]
[Black "Berkes, Ferenc"]
[Result "1/2-1/2"]
[WhiteElo "2641"]
[BlackElo "2671"]
[Annotator "TA"]
[PlyCount "144"]
[EventDate "2021.09.18"]
[EventType "team-tourn"]
[EventCountry "MKD"]
[SourceTitle "playchess.com"]
[Source "ChessBase"]
[SourceQuality "1"]

{[%evp 17,144,22,17,8,20,23,23,16,27,26,14,9,32,31,54,43,44,17,48,35,30,25,31,
24,24,29,22,20,48,37,40,37,41,41,37,36,45,33,32,39,53,53,56,0,0,0,8,8,8,8,7,8,
10,8,9,10,6,5,8,0,0,0,14,8,21,10,96,52,57,66,77,75,172,89,177,56,172,168,157,
63,63,63,63,63,64,55,54,54,51,52,62,62,66,66,65,67,119,67,66,20,69,69,69,69,69,
69,68,68,68,68,60,33,52,-7,-7,-8,-8,-8,-8,-8,-7,-7,-7,-7,-7,-7,-7,-8,0]} 1. e4
c5 2. Nf3 d6 3. d4 cxd4 4. Nxd4 Nf6 5. Nc3 Nc6 6. Bg5 e6 7. Qd2 a6 8. O-O-O Bd7
9. Nxc6 Bxc6 10. f3 $1 {[%mdl 4] is more profitable than 10.Qe1 at the moment.
B67: Sicilian: Richter-Rauzer: 7...a6 8 0-0-0 Bd7, lines without 9 f4 Be7.} h6
11. Be3 d5 {[%cal Rd5e4] [#]} 12. e5 $146 {White has an edge.} ({Predecessor:} 
12. Qe1 Bb4 13. a3 Ba5 14. Bd2 Qe7 15. e5 Nd7 16. Kb1 Bc7 17. f4 f6 18. exf6
gxf6 19. Be2 O-O-O 20. Bf3 Nb6 21. Qh4 Qf7 22. Rhf1 Nc4 23. Bc1 h5 24. Ne2 {
1/2-1/2 (50) Magem Badals,J (2515)-Garcia Ilundain,D (2420) Leon 1992}) 12...
Nd7 13. f4 Bc5 14. h4 Bxe3 15. Qxe3 Qb6 16. Qxb6 Nxb6 17. h5 O-O 18. Rh4 f6 19.
exf6 Rxf6 20. Bd3 Nd7 21. Be2 Raf8 22. Bg4 Nb6 23. b3 Re8 24. Bf3 Nc8 25. Ne2
Nd6 26. a4 a5 27. Kb2 Kf8 28. Rhh1 Ke7 29. Rhe1 Kd7 30. Bg4 (30. g3 $14) 30...
Kc7 $11 31. Bf3 e5 32. fxe5 Rxe5 33. Nd4 Nf7 34. Nb5+ Kb6 35. Rxe5 Nxe5 36.
Bxd5 Rf5 37. Bxc6 bxc6 {[%mdl 4096] Endgame KRN-KRN} 38. Nd4 Rxh5 39. Ne6 g5
40. Re1 Nd7 41. Nd4 Nc5 (41... Kc5 $11 {remains equal.}) 42. Re8 Rh4 $1 {
[%cal Rh4d4]} 43. Nf5 Rg4 44. Ne3 Rg3 (44... Re4 $16 45. Nc4+ Kc7 46. Rxe4 Nxe4
) 45. Re7 (45. Nc4+ $18 Kc7 46. Re7+ (46. Nxa5 Rxg2 47. Nc4 g4 $14) 46... Kc8
47. Nxa5) 45... h5 (45... Ka6 $16 {was called for.}) 46. Nc4+ $18 Ka6 {[#]} 47.
Nd6 $1 {[%cal Rd6c8]} Rg4 {[#]} ({And not} 47... Rxg2 48. Nc8 Nxa4+ 49. bxa4
Rxc2+ 50. Kxc2 h4 51. Ra7#) 48. Nc8 (48. Kc3 $1 $16) 48... Nxa4+ $1 $14 49.
bxa4 Rxa4 {KRN-KR} 50. Nd6 {Re4 is the strong threat.} (50. Re2 {with more
complications.} h4 51. Nd6 Rg4 52. Ne4 a4 53. Ka3) 50... Rg4 51. c4 Kb6 $1 52.
Kc3 Rg3+ 53. Kd4 {White wants to mate with Nc8+.} c5+ 54. Kd5 {Nc8+ would kill
now.} Rd3+ 55. Ke5 $1 Re3+ $1 56. Ne4 $1 {Black must now prevent Re6+.} a4 57.
Re8 (57. Re6+ $16 Ka7 58. Rd6) 57... a3 58. Rb8+ Kc6 59. Ra8 {aiming for Kf5.}
h4 $1 60. Kf5 g4 {Threatening ...h3.} 61. Ra6+ Kc7 {White should prevent ...h3.
} 62. Kf4 ({Don't play} 62. Nxc5 h3 $17) 62... Re2 $1 63. Rxa3 {Threatens to
win with g3.} Rxg2 64. Nf6 Rf2+ 65. Kxg4 ({White should try} 65. Kg5 $14 g3 66.
Nd5+ (66. Kxh4 Rxf6 67. Kxg3 Rf1 $11) 66... Kd6 67. Ra6+ Ke5 68. Kxh4) 65...
Rxf6 $11 {The position is equal.} 66. Kxh4 $14 {KR-KR} Rf4+ 67. Kg3 Rxc4 68.
Kf3 Kc6 69. Ke3 Rd4 70. Rd3 Ra4 71. Kd2 Kb5 72. Rh3 c4 {Weighted Error Value:
White=0.09/Black=0.11} 1/2-1/2

[Event "36th European Club Cup 2021"]
[Site "Struga"]
[Date "2021.09.23"]
[Round "6.14"]
[White "Banusz, Tamas"]
[Black "Demchenko, Anton"]
[Result "1/2-1/2"]
[WhiteElo "2641"]
[BlackElo "2610"]
[Annotator "TA"]
[PlyCount "72"]
[EventDate "2021.09.18"]
[EventType "team-tourn"]
[EventCountry "MKD"]
[SourceTitle "playchess.com"]
[Source "ChessBase"]
[SourceQuality "1"]

{[%evp 9,72,9,24,6,8,6,7,0,0,0,8,8,5,0,0,-2,0,-7,0,0,-10,-18,-4,-13,-13,-25,
-16,-20,-14,-14,-8,-3,-12,-21,0,-14,-9,-9,-6,-7,-12,-18,-18,-7,-12,-21,0,-15,
-6,-8,0,-8,0,-1,0,0,21,0,5,0,26,26,26,26,27]} 1. Nf3 Nf6 2. g3 b5 3. Bg2 Bb7 4.
Na3 a6 5. c4 e6 6. b3 {A05: Réti Opening: 1 Nf3 Nf6.} bxc4 7. bxc4 c5 8. O-O {
The position is equal.} Be7 9. Rb1 {[#]} Ra7 $146 ({Predecessor:} 9... Bc6 10.
Qb3 O-O 11. Ne5 Bxg2 12. Kxg2 Qc7 13. Qb7 Ra7 14. Qxc7 Rxc7 15. d3 d6 {0-1 (55)
Messina,R (1992)-Janzelj,T (2203) Split 2012}) 10. d3 O-O 11. e4 d6 12. Nc2 Nc6
13. Bd2 Ba8 14. Bc3 Nd7 15. Qd2 Bf6 16. Rb2 Rb7 17. Rxb7 (17. Rfb1 {looks
sharper.} Qc7 18. Bxf6 Nxf6 19. Qc3 Rfb8 20. Bf1) 17... Bxb7 18. Rb1 Bxc3 19.
Qxc3 Qc7 20. Nd2 Rb8 21. f4 Bc8 22. Rb3 Nb4 23. a3 Nc6 24. Rxb8 Qxb8 25. Kf2 h6
26. Qb3 Qc7 27. Qc3 Bb7 28. h3 Kf8 29. Bf3 Qb6 30. Kg2 f6 31. h4 Ke7 32. Kf2 a5
33. Bd1 Nd4 34. Ke3 {[%cal Rc2d4]} e5 35. f5 Nb8 36. Kf2 Nxc2 {An uneventful
encounter.  Weighted Error Value: White=0.05/Black=0.05} 1/2-1/2